00152 a2200085 4500260001400000942000700014245001400021100001400035999001700049 bPHIc2001 cBN aeconomics abasavaraj c40814d40814